LEADER 01275nam a2200289 i 4500 001 000000165805 003 CaOOAMICUS 005 20071026000000.0 008 071026s1998 it u000 u ita u 013 $a143173 020 $a88-250-0728-0 040 $aSeMil$bita 100 1 $aJohn : de Taizé .$0(OLS)http://semarc/name/48041 240 12$aL'aventure de la sainteté.$0(OLS)http://semarc/title/236757 245 12$aL'avventura della santità :$bfondamenti biblici e prospettive attuali /$cFrère John di Taizé ; [traduzione a cura di Franco Semino]. 260 $aPadova :$bMessaggero,$cCopyr. 1998. 300 $a181 p. ;$c20 cm. 490 0 $aRiflessi 650 4$aSantità - Studi.$0(OLS)http://semarc/subject/822 700 1 $aSemino, Franco.$0(OLS)http://semarc/name/62518 830 0$aRiflessi.$0(OLS)http://semarc/title/19421 850 $aSeMil 852 $aSeMil$W1$xVenegono$y1$m3F II 461$j116980$B116980$CSeMilBibl$Z2$F128728 $81 961 $aOmaggio: Martinelli don Romano 996 $6020$a88-250-0728-0$9(OLS)http://semarc/number/152187 996 $6245$aL'avventura della santità :$bfondamenti biblici e prospettive attuali$9(OLS)http://semarc/title/236756 996 $6260$aPadova :$bMessaggero$9(OLS)http://semarc/publisher/29786 LEADER 01207nam a2200277 i 4500 001 000000189272 003 CaOOAMICUS 005 20100506000000.0 008 100506s1949 fr u000 u fre u 013 $a167545 040 $aSeMil$bita 100 1 $aCumont, Franz,$d<1868-1947>.$0(OLS)http://semarc/name/18163 245 10$aLux perpetua /$cFranz Cumont. 260 $aParis :$bLibrairie orientaliste P. Geuthner,$c1949. 300 $aXXXIII, 524 p., [10] c. di tav. :$bill., ritr. ;$c25 cm. 650 4$aNeoplatonismo.$0(OLS)http://semarc/subject/1382 650 4$aMorte.$0(OLS)http://semarc/subject/6140 650 4$aInferno.$0(OLS)http://semarc/subject/9104 650 4$aMorte - Filosofia.$0(OLS)http://semarc/subject/9328 650 4$aRiti misterici.$0(OLS)http://semarc/subject/19343 650 4$aImmortalità.$0(OLS)http://semarc/subject/3701 650 4$aMorte - Rituali religiosi.$0(OLS)http://semarc/subject/35656 850 $aSeMil 852 $aSeMil$W1$xVenegono$y1$m2X V 17$j139903$B139903$CSeMilBibl$Z2$F151513 $81 996 $6245$aLux perpetua$9(OLS)http://semarc/title/272517 996 $6260$aParis :$bLibrairie orientaliste P. Geuthner$9(OLS)http://semarc/publisher/32167